[Event "Corus-B"]
[Site "Wijk aan Zee"]
[Date "2007.01.26"]
[Round "11"]
[White "Werle, Jan"]
[Black "Bu, Xiangzhi"]
[Result "1/2-1/2"]
[WhiteElo "2566"]
[BlackElo "2644"]
[Annotator "Rogozenco,D"]
[PlyCount "87"]
[EventDate "2007.01.13"]
[EventType "match"]
[EventRounds "13"]
[EventCountry "NED"]
[EventCategory "14"]
[SourceTitle "CBM 117"]
[Source "ChessBase"]
[SourceDate "2007.03.30"]
[SourceVersion "1"]
[SourceVersionDate "2007.03.30"]
[SourceQuality "1"]

1. d4 d5 2. c4 c6 3. Nf3 Nf6 4. Nc3 dxc4 5. a4 Bf5 6. Ne5 Nbd7 7. Nxc4 Qc7 8.
g3 e5 9. dxe5 Nxe5 10. Bf4 Nfd7 11. Bg2 f6 12. O-O Nc5 13. Ne3 Be6 (13... Bg6
14. b4 Ne6 (14... Rd8 15. Ned5 $1 cxd5 16. bxc5 Bxc5 17. Nxd5 Qb8 18. Qb3 $16 {
1-0 Bacrot,E-Morovic Fernandez,I/Cap d'Agde (rapid) 1998 (42)}) 15. b5 (15. a5
$5 $36) 15... Rd8 16. Qb3 $14) 14. b4 Rd8 15. Qc2 ({The alternative is} 15. Qb1
Nb3 (15... Na6 16. b5 Nb4 {White is a tempo up comparing to the main game}) 16.
Ned5 cxd5 17. Qxb3 Qc4 18. Qxc4 Nxc4 19. Rfd1 Bxb4 20. Nxd5 Ba5 21. Rac1 $1 $14
) 15... Na6 16. b5 Nb4 17. Qb1 (17. Qb2 $5) (17. Qe4 Bc5 18. Rad1 (18. bxc6
bxc6 19. Rac1 (19. Nc4 Bd4 20. Nxe5 fxe5 21. Rac1 O-O 22. Nb5 Qf7 23. Nxd4 exd4
24. Bg5 Rd7 25. Qh4 a5 {was good for Black in 0-1 Rogozenko,D (2537)-Hector,J 
(2546)/Hamburg 2001 (55)}) 19... O-O 20. Nc4 Rd4 21. Bxe5 Rxe4 22. Bxc7 Rxc4
23. Ne4 Be7 24. a5 {1-0 Gershon,A (2471)-Postny,E (2420)/Tel Aviv 2000 (41)
with a slight advantage for White.}) 18... O-O 19. Nc4 Rxd1 20. Rxd1 Bd5 21.
Nxd5 cxd5 22. Rxd5 Nxd5 23. Qxd5+ Kh8 24. e3 $11 {1/2-1/2 Anand,V (2769)
-Morozevich,A (2748)/Wijk aan Zee 2000 (36)}) 17... g5 (17... Be7 18. Nf5 Bc5
19. Bh3 $5 $36) (17... Bc5 18. Ne4 $36) 18. Bxe5 Qxe5 19. bxc6 $5 $146 {
With this impressive novelty the talented young Dutch GM goes for a positional
piece sacrifice against a strong and experienced opponent.} ({Previously White
played} 19. Ne4 {but after} Be7 20. Ra3 O-O {1-0 Sherbakov,R (2552)-Rublevsky,
S (2662)/Chelyabinsk 2000/ (36) it turned out that Black's chances are at
least equal.}) (19. Qe4 Qxe4 (19... Bd6 $2 20. Nc4 $1) 20. Nxe4 Be7 21. Rfc1 {
is slightly better for White according to Scherbakov and Rublevsky.}) (19. Ra3
$6 f5 $15) 19... Qxc3 {Why not? Black understandably accepts the challenge.
Without seeing any concrete dangers it is difficult to refuse taking a piece.}
({Nevertheless} 19... bxc6 {was a reasonable alternative, when after} 20. Qe4 (
20. Na2 $5 c5 $13 (20... Nxa2 $6 21. Bxc6+ Kf7 22. Rxa2 Bxa2 23. Qxa2+ $36) (
20... Bxa2 $6 21. Rxa2 $16)) 20... Qxe4 21. Nxe4 Be7 22. Rfc1 {[%cal Ge4c5]
White is only marginally better.}) 20. cxb7 {White has only two pawns for the
bishop, but one of these pawns is extremely powerful on b7. Besides, White has
a development advantage and all his pieces will soon become active. Finally,
Black's structure contains enough weaknesses. Normally all this should secure
great compensation, but things are far from clear. Most Black's pieces are
also active and the second player also enjoys the bishop pair.  Objectively
the position remains double-edged.} Bc5 {Continuing the active strategy.} (
20... Be7 {would have left White with a wider choice.} 21. Nf5 (21. Be4 $5) (
21. Rc1 Qe5 22. Be4 $44) (21. a5 $5) 21... Bxf5 22. Qxf5 {Now White has also a
better control over the light squares. Even after the exchange of queens} Qe5
23. Qxe5 fxe5 24. Rfc1 {White's compensation is great.}) 21. Rc1 ({Here} 21.
Nf5 {brings nothing. After} O-O {followed by ...Qe5 Black consolidates
comfortably.}) 21... Qe5 22. Ra3 $1 O-O $6 {This natural-looking move allows
White to exchange Black's light-squared bishop and achieve a perfect
coordination.} ({Critical is} 22... Na6 {and it is more difficult for White to
arrange his pieces:} 23. Nc4 (23. Qb5+ {leads to interesting, but most likely
good for Black complications:} Bd7 (23... Kf7 24. Nc4 Bxc4 (24... Qxe2 25. Nd6+
Rxd6 26. Qxe2 Bxa3 27. Rc6 $5 $13) 25. Qxc4+ Kg7 26. Rb3 $13) 24. Qxa6 Bxa3 25.
Rc8 {and Black is in time to cover square b8 with} Bd6 {even if after} 26.
Rxd8+ (26. Nc4 $2 Qa1+ 27. Bf1 Bb8 28. Rxd8+ Kxd8 $19) 26... Kxd8 27. Qxa7 {
in spite of being a rook down, White is still fighting thanks to his powerful
pawns on the queenside.}) (23. Rac3 Kf7 {In opposite to the game here White is
unable to exchange conveniently his knight for opponent's light-squared bishop}
24. Be4 ({in case of} 24. Qb5 Bd4 $15 {it is important that the bishop on e6
is protected by the king.}) 24... Kg7 (24... Bd4 25. Rc6 Nc5 26. Bf3 Bxe3 27.
fxe3 Qxe3+ 28. Kh1 $44 {[%csl Rf7]}) 25. Nc4 (25. Nf5+ $6 Bxf5 26. Bxf5 Qxe2)
25... Rd1+ 26. Rxd1 Qxc3 $13) 23... Bxc4 24. Rxc4 O-O {[%csl Ra3,Re2]} (24...
Bxa3 $2 25. Re4 $16) 25. Re4 (25. Rac3 $2 Qxe2) 25... Qc7 $13) ({Deserves
attention also the immediate} 22... Kf7 {and after} 23. Rac3 Na6 {we have the
same position from the line 22...Na6 22.Rac3 Kf7.} 24. Qb5 Bd4 25. Qxa6 Bxc3
$17) 23. Rac3 Bd6 ({Now} 23... Na6 $2 24. Qb5 {is bad for Black:} Bd4 (24...
Bxe3 25. Rxe3 Qxb5 26. axb5 Nc7 27. h3 (27. Rxc7 $4 Rd1+ 28. Bf1 Bh3 $19) 27...
Rd7 28. Rxc7 Rxc7 29. Rxe6 Kf7 30. Ra6 $18) 25. Qxe5 Bxe5 26. Rc6 $18) (23...
Bxe3 $2 24. Rxe3 Qd6 25. Rxe6 $18 {[%csl Rb4]}) 24. Nc4 Bxc4 25. Rxc4 Na6 26.
e3 {It becomes clear now that White has a wonderful compensation for the
knight. All his pieces are active and the opposite-coloured bishops only
increase Black's problems.} f5 {The Chinese GM rightly seeks for counterplay.
Otherwise White would have converted easier his advantage.} (26... Nc5 27. Qc2
Nd7 28. Rc8 Kg7 29. Rd1 $16) 27. Rd4 $1 {Ambitious and strong. Jan switches
the rook to the fifth rank for his own attack.} ({If White wanted to avoid any
complications, then} 27. Rc8 f4 28. exf4 gxf4 29. Rxd8 Rxd8 30. Rc8 Rf8 31. Qd1
fxg3 32. hxg3 {would have been a simpler way to keep the advantage. However,
here a draw looks more likely than White's win.}) 27... f4 28. Rd5 Qf6 29. exf4
gxf4 30. Rh5 $1 Qg7 (30... Qg6 $142) 31. Qb5 Nc7 (31... Nb8 $2 32. Rg5 $18) 32.
Qb3+ Kh8 33. Be4 h6 34. Rf5 $5 ({Stronger is to continue the light-squared
strategy with} 34. Rc6 $1 Ne8 35. Qd3 {and Black has difficulties finding any
moves. It is important for White that the knight does not control square b8
any longer. The best for Black could be something like} Qf6 (35... Qxb7 $4 36.
Rxh6+ $18) (35... Nf6 $2 36. Rxd6 $18) 36. Kg2 Rb8 (36... fxg3 37. Rf5 Qb2 38.
Rc2 Qg7 39. Rxf8+ Qxf8 40. hxg3 Nf6 (40... Nc7 41. Qd4+ Qg7 42. Qxg7+ Kxg7 43.
Rc6 Ne8 44. Rc8 $18) 41. Rc8 Rxc8 (41... Kg7 42. b8=Q $18) 42. bxc8=R Qxc8 43.
Qxd6 Nxe4 44. Qxh6+ Kg8 45. Qg6+ $18) 37. Rf5 Qg7 38. Rxf8+ Bxf8 (38... Qxf8
39. Qd4+ Kg8 40. Rc8 Qe7 41. Bc6 Kh7 42. Qxa7 Rxc8 43. bxc8=N $1 $18) 39. Rc8
Rxb7 40. Rxe8 {but White should be winning here.}) 34... Na6 $6 35. Rxf8+ Qxf8
36. Rc6 Nb8 37. Rc4 {Even this position is far from easy for Black. He
succeeded to slow down White's initiative, but on the other hand Black has no
attack either and is left with the weak king and a lot of weaknesses.} Qf6 38.
Rc8 Rf8 39. Qf3 Qa1+ 40. Kg2 Qf6 41. Bc2 $1 Qe7 (41... Kg7 42. Qe4 $16) 42.
Qc3+ $2 {Unfortunately, after having conducted a great game, Werle suddenly
decides to force a draw. In fact White is close to winning:} (42. Rxf8+ Qxf8
43. Qd3 f3+ {The only move to avoid immediate loss} (43... Qe7 44. Qg6 Qxb7+
45. Be4 Qe7 (45... Qg7 46. Qxd6 $18) 46. Qxh6+ Kg8 47. Bd5+ $18) 44. Kh3 (44.
Kg1 Qe7 45. Qxf3 $16) 44... Qf7 (44... Qe7 45. Qg6 $18) 45. Qc3+ Qg7 (45... Kg8
46. Bb3 $18) 46. Qxf3 {with a large advantage} ({Not bad is also} 46. Qc8+ Qf8
47. Qe6 {with a complete domination.})) 42... Kg8 43. Bb3+ Kh7 44. Bc2+ ({
White is still better after} 44. Bd5) 1/2-1/2

[Event "Corus"]
[Site "Wijk aan Zee"]
[Date "2009.01.17"]
[Round "1"]
[White "Aronian, Levon"]
[Black "Wang, Yue"]
[Result "1/2-1/2"]
[WhiteElo "2750"]
[BlackElo "2739"]
[Annotator "Rogozenco,D"]
[PlyCount "85"]
[EventDate "2009.01.17"]
[EventType "tourn"]
[EventRounds "13"]
[EventCountry "NED"]
[EventCategory "19"]
[SourceTitle "CBM 129"]
[Source "ChessBase"]
[SourceDate "2009.03.25"]
[SourceVersion "1"]
[SourceVersionDate "2009.03.25"]
[SourceQuality "1"]

1. d4 d5 2. c4 c6 3. Nf3 Nf6 4. Nc3 dxc4 5. a4 Bf5 6. Ne5 Nbd7 7. Nxc4 Nb6 8.
Ne5 a5 9. g3 e6 10. Bg2 Bb4 11. O-O O-O 12. e3 h6 13. Qe2 Nfd7 $5 {This is
hardly worse than the generally adopted retreat of the bishop to h7. In order
to fight for an advantage White must enter the complications starting with 14.
e4} (13... Bh7 14. Rd1 Nfd7 15. Nd3 Bxd3 16. Qxd3 $14) 14. e4 {Other moves
would fully justify Black's previous move.} (14. Nxd7 Nxd7 {is perfectly
acceptable for Black.}) ({Now} 14. Nd3 Bxd3 15. Qxd3 {is obviously connected
with a loss of tempo (comparing to 13...Bh7, where in a similar position White
has already the rook on d1). Besides, Black can play 14...e5 with good play,
so 14.Nd3 is not really an option for White.}) 14... Nxe5 ({Weaker is} 14...
Bh7 15. Nd3 $14) 15. exf5 ({Perhaps in future practice White will also try} 15.
dxe5 $5 Bh7 $13) 15... Nec4 16. fxe6 Qxd4 17. Bh3 $146 (17. Rd1 Qe5 18. Qxe5
Nxe5 $11 {1/2-1/2 Kovacs,G (2505)-Balogh,C (2624)/Nyiregyhaza 2008 (28)}) 17...
Kh8 (17... Rae8 $5) 18. Rd1 Qe5 19. Qxe5 Nxe5 {The endgame looks marginally
better for White thanks to his bishop pair. However, Black has a solid
position with a stable pawn structure and no weaknesses. On the queenside
Black has superiority, therefore White should try to develop an initiative in
the centre and on the opposite wing, where he enjoys a pawn majority.} 20. f4 (
20. Bf4 Nec4 {[%csl Rb2,Rc3]} 21. Na2 (21. exf7 $2 Nxb2 $17) 21... fxe6 22. b3
(22. Nxb4 axb4) 22... e5 23. Bc1 (23. Nxb4 axb4 24. Bc1 Na5 $17 {[%csl Rb3]})
23... Bc5 24. bxc4 Rxf2 25. Ba3 (25. Kh1 Bd4 26. Rxd4 exd4 $17) 25... Be3 26.
Kh1 Nxc4 {leads to a position where Black has three pawns and an initiative
for the bishop.}) 20... Nec4 21. f5 $5 {Aronian decides to keep a passed pawn
on e6.} ({The alternative was} 21. exf7 Rxf7 22. Be6 Re7 23. f5 $13) 21... Rae8
22. Rb1 fxe6 23. fxe6 Re7 24. Kh1 Rfe8 25. Ne2 Nd5 {Due to Black's centralized
knights White cannot make use of his strong pawn on e6. The position is about
equal.} 26. b3 (26. Nf4 Nxf4 27. Bxf4 g5 28. Bc1 Nb6 29. b3 Nd5 $11) 26... Nd6
27. Nf4 Nxf4 (27... Nc3 $1 28. Bd2 (28. Bb2 $2 Nxd1 29. Rxd1 Kg8 30. Be5 Ne4
$17) (28. Ng6+ $2 Kh7 29. Nxe7 Nxd1 $17 {[%cal Gd1f2]}) (28. Rxd6 Bxd6 29. Ng6+
Kg8 30. Nxe7+ Bxe7 31. Rb2 (31. Ra1 Bf6 $11) 31... Ba3 32. Rc2 Bxc1 33. Rxc3
$11) 28... Nxd1 29. Rxd1 Bxd2 30. Ng6+ Kh7 31. Nxe7 Bb4 32. Nf5 Rxe6 $11) 28.
Bxf4 Ne4 29. Rb2 Nf6 30. Be5 $6 (30. Re2 $14) 30... Nh7 $1 $15 {[%csl Re6]
[%cal Gh7g5,Gh7f8] Suddenly White loses the pawn on e6, although his bishop
pair allows him to escape without too many problems.} 31. Rd7 Ng5 32. Bg4 Nxe6
33. Rxe7 Rxe7 34. Rf2 Kg8 35. Be2 $1 Rf7 36. Kg2 (36. Rxf7 Kxf7 37. Bc4 g6 38.
Kg2 $15 {/=}) 36... Rxf2+ 37. Kxf2 Nc5 38. Ke3 Nd7 39. Ke4 Kf8 40. Bd4 Bc5 41.
Bg4 Bxd4 42. Bxd7 Bg1 43. h4 1/2-1/2

[Event "EU-ch U18"]
[Site "Herceg Novi"]
[Date "2006.09.12"]
[Round "3"]
[White "Llorente Zaro, Alfonso"]
[Black "Andriasian, Zaven"]
[Result "1/2-1/2"]
[WhiteElo "2367"]
[BlackElo "2463"]
[Annotator "Rogozenco,D"]
[PlyCount "92"]
[EventDate "2006.09.10"]
[EventType "swiss"]
[EventRounds "9"]
[EventCountry "MNE"]
[SourceTitle "CBM 114 Extra"]
[Source "ChessBase"]
[SourceDate "2006.11.03"]
[SourceVersion "1"]
[SourceVersionDate "2006.11.03"]
[SourceQuality "1"]

1. d4 d5 2. c4 c6 3. Nf3 Nf6 4. Nc3 dxc4 5. a4 Bf5 6. Ne5 Nbd7 7. Nxc4 Qc7 8.
g3 e5 9. dxe5 Nxe5 10. Bf4 Nfd7 11. Bg2 g5 12. Ne3 gxf4 13. Nxf5 O-O-O 14. Qc2
Nc5 15. O-O fxg3 ({Releasing control from e4 proved to be unplayable for Black:
} 15... Ne6 16. Qe4 fxg3 17. hxg3 a5 18. Nb5 $1 {and the practice showed that
Black is in troubles.}) 16. hxg3 a5 17. Rfd1 h5 18. Rxd8+ Qxd8 19. Ne4 (19. Rd1
Qf6 20. e4 h4 (20... Ng6 {[%cal Gh5h4] might be more precise, avoiding
sacrifices}) 21. f4 (21. Nxh4 Rxh4 22. gxh4 Qxh4 23. Ne2 Ne6 $44) 21... Ng6 22.
e5 Qe6 23. Nd6+ Bxd6 24. Rxd6 Qc4 {and Black developed a strong initiative in
Ivanchuk,V (2739)-Gelfand,B (2713)/Sochi 2005.}) 19... Nxe4 20. Qxe4 Qf6 (20...
Qc7 21. Rd1 Bb4 22. Qh4 $14) 21. Rd1 Bb4 22. Bh3 $146 {With this novelty White
wants to force an apparently favourable endgame.} (22. Qf4 Kb8 23. b3 Ka8 24.
Nd6 Qe6 25. Nc4 Nxc4 26. Qxc4 Qe7 $11 {1/2-1/2 Gyimesi,Z (2628)-San Segundo
Carrillo,P (2514)/Gothenburg 2005 (47)}) 22... Kb8 23. Qd4 Re8 {Black also
shows his readiness to play the endgame.} (23... Qe6 {looks somewhat too
artificial, but might be playable as well.}) 24. f4 Ng4 25. Bxg4 Qxd4+ 26. Rxd4
hxg4 27. Kf1 {With a strong knight on f5, centralized rook and opponent's
weaknesses on g4 and f7 the endgame seems to be in White's favour, but the new
Junior World Champion rightly appreciated that Black's queenside pawn majority
is potentially very dangerous. It is well-known that a rook and bishop
coordinate better than a rook and knight and here with pawns on different
wings this factor is especially important. Therefore it would be correct to
evaluate the endgame as dynamically balanced.} Kc7 (27... Rh8 $6 28. Kg2 Re8
29. e4 Bc5 30. Rc4 $14 {/+/-}) (27... b5 $2 {is premature in view of} 28. axb5
cxb5 29. Rd5 {and White simply wins a pawn.}) 28. Rc4 {Preventing ...b5.} (28.
Nh6 {wins material, but the bishop will be stronger in race of the passed
pawns:} b5 (28... Re3 $2 29. Rd3 $16) (28... Rh8 $5 29. Nxg4 (29. Nxf7 Rh1+ 30.
Kg2 Rb1 $13) 29... Rh1+ 30. Kg2 Rb1 31. Ne5 Rxb2 $13) 29. axb5 cxb5 30. Nxg4 (
30. Nxf7 Re3 31. Rd3 Rxd3 32. exd3 a4 $132 {[%csl Rf7]}) 30... Bd6 (30... Bc5
$5 31. Rd5 Kc6 32. Rd2 b4 33. Ne5+ Kb5 34. Nxf7 a4 35. Ne5 a3 36. bxa3 bxa3
$132) 31. e4 Kc6 32. e5 Bc5 33. Rd3 a4 $13) (28. e4 b5 $132) 28... Rd8 29. Ne3
Rd2 30. b3 (30. Nxg4 $6 Rxb2 $17) 30... c5 $5 {Threatening 31...Rb2.} (30...
Rb2 $6 31. Nd5+) 31. Rc2 $1 Rxc2 32. Nxc2 b5 $1 33. axb5 Kb6 34. e4 Kxb5 35.
Ke2 Bc3 (35... c4 {leads to a draw in pawn endgame:} 36. bxc4+ Kxc4 37. Nxb4 (
37. e5 $2 Bc5) 37... axb4 (37... Kxb4 38. e5 a4 39. Kd2 Kc4 40. Kc2) 38. e5 (
38. Kd2 $2 f6 $19) 38... b3 39. Kd2 Kd4 40. Kc1 Kc4 41. Kb2 Kb4 42. f5 Kc5 43.
Kxb3 Kd5 44. e6 fxe6 45. fxe6 Kxe6 46. Kc4 $11) ({Black does not have time for
} 35... f6 {in view of} 36. Kd3 {stopping the pawns.}) 36. Kd3 Bb2 37. Ne3 (37.
e5 c4+ 38. bxc4+ Kc5 39. Ne3 a4 40. Kc2 Bd4 {is also a draw}) 37... Bd4 38.
Nxg4 Kb4 39. Kc2 c4 40. bxc4 a4 (40... Kxc4 41. e5 a4 42. f5 a3 43. e6 fxe6 44.
fxe6 a2 45. Ne3+ Kb4 46. Nd5+ Kc5 47. e7 a1=Q 48. e8=Q $11) 41. Ne5 Bxe5 (41...
a3 $2 42. Nc6+ Kxc4 43. Nxd4 Kxd4 44. e5 $18) 42. fxe5 Kxc4 43. e6 fxe6 44. g4
Kc5 $2 {This loses, possibly there is something wrong in the notation of the
game.} (44... Kd4 {is a draw:} 45. g5 Ke5 46. Kc3 Kd6 47. Kb4 Ke7 48. Kxa4 (48.
e5 Kf7 49. Kxa4 Kg6 50. Kb5 Kxg5 51. Kc4 (51. Kc6 $2 Kf4 52. Kd6 Kf5 $19) 51...
Kf4 52. Kd4 Kf5 53. Kd3 Kxe5 54. Ke3 $11) 48... Kf7 49. Kb4 Kg6 50. Kc5 Kxg5
51. Kd6 (51. Kd4 Kf4 52. Kd3 e5 53. Kd2 $11) 51... Kf6 52. Kd7 $11) 45. Kb2 Kd6
46. Ka3 Ke7 (46... Ke7 47. e5 Kf7 48. Kxa4 Kg6 49. Kb5 Kg5 50. Kc6 Kxg4 51. Kd7
Kf5 52. Kd6 $18) 1/2-1/2